Controlling: a szervezet és a funkció kapcsolata.
Podstata funkcie controllingu a jeho vzťah k organizácii. Vplyv veľkosti podniku a organizácie na úlohy controllingu. Príprava informácií pre proces rozhodovania. Analytická činnosť controllingu. Príklad organizácie controllingu v podniku Pannonplast.
Gespeichert in:
| 1. Verfasser: | |
|---|---|
| Format: | Buchkapitel |
| Sprache: | Ungarisch |
| Schlagworte: | |
| Tags: |
Keine Tags, Fügen Sie das erste Tag hinzu!
|
MARC
| LEADER | 00000naa a2200000 4500 | ||
|---|---|---|---|
| 001 | r004772 | ||
| 005 | 20221125113459.6 | ||
| 041 | 0 | |a hun | |
| 044 | |a HU | ||
| 245 | 1 | 0 | |a Controlling: a szervezet és a funkció kapcsolata. |c A. Kapitány |
| 520 | |a Podstata funkcie controllingu a jeho vzťah k organizácii. Vplyv veľkosti podniku a organizácie na úlohy controllingu. Príprava informácií pre proces rozhodovania. Analytická činnosť controllingu. Príklad organizácie controllingu v podniku Pannonplast. | ||
| 610 | 2 | 0 | |a organizácia podniku |
| 610 | 2 | 0 | |a PANNONPLAST |
| 610 | 2 | 0 | |a informácie vnútropodnikové |
| 610 | 2 | 0 | |a MR |
| 610 | 2 | 0 | |a kontroling |
| 610 | 2 | 0 | |a rozhodovanie podnikové |
| 100 | 1 | |a Kapitány, A. | |